000 00466nam a2200181Ia 4500
001 9439
005 20260306161718.0
008 260306t2009||||xx |||||||||||||| ||spa||
041 _aESP
082 _a379
_bF36
100 _aFeldfeber, Myriam
_eAUT
245 0 _aAutonomía y gobierno de la educación:
_bperspectiva, antinomias y tensiones
260 _c2009
300 _a320 páginas :
_c22 cm.
650 _aGEN
654 _aCED
942 _cLIB
_dJUS
_fJUS
_2ddc
_n
999 _c9439
_d9439